महाभारत के साक्षी / (Record no. 115381)
[ view plain ]
| 000 -LEADER | |
|---|---|
| fixed length control field | 01185nam a22002897a 4500 |
| 003 - CONTROL NUMBER IDENTIFIER | |
| control field | dpl |
| 005 - DATE AND TIME OF LATEST TRANSACTION | |
| control field | 20180702162413.0 |
| 008 - FIXED-LENGTH DATA ELEMENTS--GENERAL INFORMATION | |
| fixed length control field | 180702b xxu||||| |||| 00| 0 eng d |
| 010 ## - LIBRARY OF CONGRESS CONTROL NUMBER | |
| LC control number | A-975959, A-975981 |
| 020 ## - INTERNATIONAL STANDARD BOOK NUMBER | |
| Terms of availability | 100.00 |
| International Standard Book Number | 81863260026 |
| 035 ## - SYSTEM CONTROL NUMBER | |
| System control number | A-975959 |
| 037 ## - SOURCE OF ACQUISITION | |
| Source of stock number/acquisition | Cen Lib/Ret |
| 040 ## - CATALOGING SOURCE | |
| Original cataloging agency | DPL |
| Language of cataloging | HN |
| Transcribing agency | 0 |
| 082 ## - DEWEY DECIMAL CLASSIFICATION NUMBER | |
| Classification number | क |
| Item number | शेखाव |
| 100 ## - MAIN ENTRY--PERSONAL NAME | |
| Personal name | शेखावत, प्रदीप |
| 9 (RLIN) | 61188 |
| 245 ## - TITLE STATEMENT | |
| Title | महाभारत के साक्षी / |
| Statement of responsibility, etc | प्रदीप शेखावत |
| 246 ## - VARYING FORM OF TITLE | |
| Title proper/short title | Mahabharat ke sakshi / |
| Remainder of title | by Pradeep Shekhawat |
| 250 ## - EDITION STATEMENT | |
| Edition statement | तृतीय संस्करण |
| 260 ## - PUBLICATION, DISTRIBUTION, ETC. (IMPRINT) | |
| Place of publication, distribution, etc | जयपुर |
| Name of publisher, distributor, etc | राजस्थान पत्रिका |
| Date of publication, distribution, etc | 1998 |
| 270 ## - ADDRESS | |
| Address | केसरगढ़, जवाहरलाल नेहरु मार्ग |
| City | जयपुर |
| Postal code | 302 004 |
| 300 ## - PHYSICAL DESCRIPTION | |
| Extent | 132पृ. : |
| Dimensions | 20सेमी (सजिल्द) |
| Other physical details | सचित्र |
| 650 ## - SUBJECT ADDED ENTRY--TOPICAL TERM | |
| Topical term or geographic name as entry element | हिन्दी -- साहित्य |
| 9 (RLIN) | 61189 |
| 650 ## - SUBJECT ADDED ENTRY--TOPICAL TERM | |
| Topical term or geographic name as entry element | हिन्दी -- कहानी |
| 9 (RLIN) | 779 |
| 650 ## - SUBJECT ADDED ENTRY--TOPICAL TERM | |
| Topical term or geographic name as entry element | Hindi -- Literature |
| 9 (RLIN) | 61190 |
| 650 ## - SUBJECT ADDED ENTRY--TOPICAL TERM | |
| Topical term or geographic name as entry element | Hindi -- Story |
| 9 (RLIN) | 43117 |
| 942 ## - ADDED ENTRY ELEMENTS (KOHA) | |
| Source of classification or shelving scheme | Dewey Decimal Classification |
| Koha item type | Hindi Books |
| Classification part | क |
| Call number suffix | शेखाव |
| Withdrawn status | Lost status | Damaged status | Not for loan | Home library | Current library | Date acquired | Source of acquisition | Cost, normal purchase price | Total Checkouts | Full call number | Barcode | Date last seen | Copy number | Cost, replacement price | Price effective from | Koha item type | Source of classification or shelving scheme | Collection code |
|---|---|---|---|---|---|---|---|---|---|---|---|---|---|---|---|---|---|---|
| Central Library | Central Library | 20/08/2015 | Cen Lib/Ret | 100.00 | क शेखाव | A-975959 | 20/08/2015 | 1 | 100.00 | 20/08/2015 | Hindi Books | |||||||
| Shahdara Branch | Shahdara Branch | 02/07/2018 | BPPD/PUB | 100.00 | क शेखाव | A-975981 | 02/07/2018 | 100.00 | 02/07/2018 | Hindi Books | Dewey Decimal Classification | Fiction |
